Normal view
MARC view
- Pfeiffer,Willaim Sanborn
Entry Personal Name
001 - CONTROL NUMBER
- control field: 87010
003 - CONTROL NUMBER IDENTIFIER
- control field: NUST
005 - DATE AND TIME OF LATEST TRANSACTION
- control field: 20211224151652.0
008 - FIXED-LENGTH DATA ELEMENTS
- fixed length control field: 211224|| aca||aabn | a|a d
040 ## - CATALOGING SOURCE
- Original cataloging agency: NUST
- Transcribing agency: NUST
100 ## - HEADING--PERSONAL NAME
- Personal name: Pfeiffer,Willaim Sanborn
670 ## - SOURCE DATA FOUND
- Source citation: Work cat.: (NUST)33868: Pfeiffer,Willaim Sanborn, Technical Communication /, 2013.
